People called The Great (by Picture and Hint) - Statistics

General Stats
  • This quiz has been taken 45 times
    26 since last reset
  • The average score is 10 of 24
Answer Stats
Picture Hint Answer % Correct
King of Macedon, 336-323, Pharaoh of Egypt from 332, King of Persia from 330 Alexander III
95%
Empress of Russia, 1762-96 Catherine II
86%
King of the Franks, 768-814, Emperor of the Carolingian Empire, 800-814 Charlemagne
76%
Tsar of Russia, 1682-1721, Emperor of All Russia, 1721-25 Peter
67%
Emperor of the Byzantine Empire, 527-65 Justinian I
57%
Pharaoh of Egypt, 1279–1213 Ramesses II
57%
Roman Emperor, 306-337 (alone from 324) Constantine
52%
King of Judea (Israel), 37-4 BCE Herod I
52%
Grand Prince of Moscow, 1462-1505 Ivan III
52%
King of the West Saxons (England), 871-886, King of the Anglo-Saxons, 886-99 Alfred
48%
King of Prussia, 1740-86 Frederick II
48%
King of Persian (Achaemenid) Empire, 559-530 Cyrus
43%
King of the Hawaiian Islands, 1795-1819 Kamehameha I
43%
King of England, 1016-35, of Denmark from 1018, and of Norway from 1028 Cnut
38%
Emperor of the Mughal Empire (India), 1556-1605 Akbar
24%
King/Emperor of the Maurya Empire (India), 268-232 Ashoka
24%
King of Poland, 1333-70 Casimir III
24%
Duke of Saxony, 936-73, Holy Roman Emperor, 962-73 Otto I
24%
Grand Prince of Kiev, 980-1015 Vladimir
24%
Pope and Bishop of Rome, 590-604 Gregory I
19%
King of the Ostrogoths, 474-526, King of Italy, 493-526 Theodoric
14%
King of Pamplona and Count of Aragon, 1004-35 Sancho III
10%
King/Emperor of the Kushan Empire (Pakistan), ca. 127-51 Kanishka
5%
Prince of Gwynedd, 1195-1240, and Wales from 1216 Llywelyn
5%
No matching quizzes found
Score Distribution
Percent of People with Each Score
Percentile by Number Answered
Your Score History
You have not taken this quiz since the last reset